00670nam a2200193Ia 4500952013200000999001700132003000400149005001700153008004100170020001800211040000900229082002200238100002600260245007100286260004100357300000900398650001900407942005000426 00102ddc40708LITaMESbMEScARBd2019-02-20g695.00l0o892.750109 JON/Pp37158r2019-02-20 00:00:00w2019-02-20yBKzGR5R2 c22875d22875OSt20201230101113.0190216s9999||||xx |||||||||||||| ||und|| a9781107039438 coclc a892.750109bJON/P a Jones, Linda G96365 4aThe Power Of Oratory In The Medieval Muslim World /cLinda G Jones bCambridge Uty Press,c2012.aLondon: a298p aMedieval India cBK2ddch892.750109iJON/Pk892.750109mJON/P